Statistics for AC Milan Squad 2017-2018

Click here to take the quiz!

General Stats

  • This quiz has been taken 74 times
  • The average score is 18 of 31

Answer Stats

NumberPlayerNationality% Correct
9Andre SilvaPortugal
94%
90Antonio DonnarummaItaly
90%
99Gianluigi DonnarummaItaly
90%
79Franck KessieIvory Coast
89%
8SusoSpain
87%
10Hakan CalhanogluTurkey
86%
19Leonardo BonucciItaly
83%
68Ricardo RodriguezSwitzerland
83%
17Cristian ZapataColombia
78%
13Alessio RomagnoliItaly
76%
22Mateo MusacchioArgentina
70%
70Carlos BaccaColombia
68%
21Lucas BigliaArgentina
68%
63Patrick CutroneItaly
68%
5Giacomo BonaventuraItaly
67%
20Ignazio AbateItaly
67%
11Fabio BoriniItaly
65%
18Riccardo MontolivoItaly
63%
12Andrea ContiItaly
62%
96Davide CalabriaItaly
51%
15Gustavo GomezParaguay
49%
73Manuel LocatelliItaly
49%
94Mbaye NiangFrance
46%
4Jose MauriItaly
43%
31Luca AntonelliItaly
37%
29Gabriel PalettaItaly
29%
23Jose SosaArgentina
29%
46Matteo GabbiaItaly
22%
30Marco StorariItaly
21%
45Nicolo ZanellatoItaly
11%
75Alessandro GuarnoneItaly
3%

Score Distribution

Percentile by Number Answered

Percent of People with Each Score

Your Score History

You have not taken this quiz